000 00531nam a2200169 4500
008 171215b xxu||||| |||| 00| 0 eng d
020 _a9780858858
082 _21995
_aDFil 170
_bC88p
100 _925300
_aCruz, Corazon L., author.
245 _aPhilosophy of a man /
_cCorazon L. Cruz.
250 _aThird edition.
260 _aMetro Manila :
_bNational Book Store,
_c©1995.
300 _ax, 236 pages ;
_c22 cm.
500 _a Includes bibliographical references and index.
650 0 _925301
_aPhilosophy
942 _2ddc
_cDC
999 _c8179
_d8179